00657nam a2200193Ia 4500008004100000082001500041100001500056245004900071250000800120260002900128300001100157500002400168650001200192700002100204942000700225952010700232952010700339999001700446230524s9999 xx 000 0 und d a5.133bSIN aRenu Singh 0aMicroprocessors Interfacing and Applications a2nd aNEW DELHIbNew Agec2006 aXX;449 aQuantity Number: 2 aComp-Sc a B.P.Singh95207 cBK 00104070aTATCLbTATCLcGENd2023-05-24l0o005.133 SINp15786r2023-05-24w2023-05-24yBKzBCSE3303 00104070aTATCLbTATCLcGENd2023-05-24l0o005.133 SINp15787r2023-05-24w2023-05-24yBKzBCSE3303 c36589d36589